[Event "XLI MIEDZYNARODOWY MEMORIAL LUDWIKA ZAMENHOFA 2022 - open A"]
[Site "Bialystok"]
[Date "1899-12-30"]
[Round "3.5"]
[White "Kosakowski, Jakub"]
[Black "Sliwicka, Alicja"]
[Result "1-0"]
[WhiteTitle "IM"]
[BlackTitle "WIM"]
[WhiteElo "2475"]
[BlackElo "2284"]

1. e4 e5 2. Nf3 Nc6 3. Bb5 a6 4. Ba4 d6 5. Bxc6+ bxc6 6. d4 exd4 7. Nxd4 c5 8.
Nb3 Nf6 9. O-O Be7 10. Na5 O-O 11. Nc3 Bd7 12. Bf4 Rb8 13. b3 Ne8 14. Nc4 Bb5
15. Qd3 Bf6 16. Bd2 Bd4 17. Rad1 Qc8 18. Nd5 Qd8 19. a4 Bxc4 20. Qxc4 c6 21. Ne3
Nc7 22. Nf5 d5 23. Qd3 Qf6 24. exd5 cxd5 25. Bf4 Rbc8 26. c3 c4 27. Qxd4 Qxf5
28. Bxc7 Rxc7 29. b4 Rd7 30. Rfe1 Rfd8 31. Rd2 h6 32. h3 Rd6 33. Re5 Qg6 34. Kh2
Qf6 35. Rde2 Kh7 36. f4 Qg6 37. R2e3 Qc2 38. Rg3 Rf6 39. a5 Qb1 40. f5 Qc1 41.
Ree3 Qc2 42. Rxg7+ Kxg7 43. Rg3+ Kf8 44. Qxf6 Rd7 45. Qh8+ Ke7 46. Qe5+ Kf8 47.
f6 Qe4 48. Qb8+ Qe8 49. Qxe8+ Kxe8 50. Rg8# 1-0

[Event "XLI MIEDZYNARODOWY MEMORIAL LUDWIKA ZAMENHOFA 2022 - open A"]
[Site "Bialystok"]
[Date "1899-12-30"]
[Round "3.6"]
[White "Malisauskas, Vidmantas"]
[Black "Krzyzanowski, Marcin"]
[Result "0-1"]
[WhiteTitle "GM"]
[BlackTitle "GM"]
[WhiteElo "2364"]
[BlackElo "2538"]

1. Nf3 d5 2. g3 Nf6 3. Bg2 e6 4. O-O Be7 5. c4 d4 6. e3 c5 7. exd4 cxd4 8. d3 O-O
9. Re1 Nc6 10. Na3 Re8 11. Nc2 a5 12. a3 Bf8 13. Rb1 a4 14. Bg5 h6 15. Bxf6 Qxf6
16. b4 axb3 17. Rxb3 Ra7 18. Qa1 Rd8 19. Qb2 g6 20. Rb5 Bg7 21. Nd2 Qe7 22. Nb4
Qc7 23. Rb1 Ne5 24. Ne4 f5 25. Nc5 b6 26. Nxe6 Bxe6 27. Nd5 Bxd5 28. Bxd5+ Kh7
29. Rxb6 Nxd3 30. Qe2 Ne5 31. Rb7 Rxb7 32. Rxb7 Qd6 33. Qb2 d3 34. Kg2 d2 0-1

[Event "XLI MIEDZYNARODOWY MEMORIAL LUDWIKA ZAMENHOFA 2022 - open A"]
[Site "Bialystok"]
[Date "1899-12-30"]
[Round "3.7"]
[White "Czernek, Tymon"]
[Black "Markowski, Tomasz"]
[Result "1/2-1/2"]
[WhiteTitle "FM"]
[BlackTitle "GM"]
[WhiteElo "2302"]
[BlackElo "2519"]

1. e4 e6 2. d4 d5 3. Nc3 Nf6 4. e5 Nfd7 5. f4 c5 6. Nf3 Nc6 7. Be3 a6 8. Qd2 b5
9. dxc5 Bxc5 10. Bd3 Qb6 11. Bf2 h6 12. O-O O-O 13. Bxc5 Nxc5 14. Qf2 b4 15. Ne2
a5 16. Rfd1 Ba6 17. Rac1 Rfb8 18. Ned4 Nxd4 19. Nxd4 Rc8 20. Bxa6 Rxa6 21. c4
dxc4 22. Rxc4 Rd8 23. Qe3 Ra7 24. Rd2 Rad7 25. Nb3 Rxd2 26. Nxd2 Na4 27. Qxb6
Nxb6 28. Rc2 Nd5 29. Nc4 Nxf4 30. Nxa5 Rd1+ 31. Kf2 Ra1 32. Nc6 Nd5 33. b3 Kh7
34. Kf3 Rf1+ 35. Ke2 Rh1 36. h3 Kg6 37. Rc4 Ra1 38. Rg4+ Kf5 39. Kf3 g5 40. Rc4
Rxa2 41. g4+ Kg6 42. Nxb4 Nxb4 43. Rxb4 Rh2 44. Kg3 Re2 45. Rb5 Re3+ 46. Kg2 h5
47. b4 h4 48. Kh2 f6 49. exf6 Kxf6 50. Rc5 Re2+ 1/2-1/2

[Event "XLI MIEDZYNARODOWY MEMORIAL LUDWIKA ZAMENHOFA 2022 - open A"]
[Site "Bialystok"]
[Date "1899-12-30"]
[Round "3.8"]
[White "Chomczyk, Marek"]
[Black "Bogdanov, Egor"]
[Result "0-1"]
[WhiteTitle "k++"]
[BlackTitle "IM"]
[WhiteElo "2327"]
[BlackElo "2381"]

1. e4 c5 2. Nc3 g6 3. d4 cxd4 4. Qxd4 Nf6 5. Be3 Nc6 6. Qd2 Bg7 7. f3 d6 8. O-O-O
O-O 9. Kb1 Bd7 10. h4 h5 11. Bh6 Ne5 12. g4 hxg4 13. Bxg7 Kxg7 14. f4 Nc6 15.
Nge2 Rh8 16. Ng3 Qa5 17. e5 dxe5 18. f5 Bxf5 19. Nxf5+ gxf5 20. Qg5+ Kf8 21. h5
e4 22. Bc4 Qe5 23. h6 Rh7 24. Nd5 Ng8 25. Nc7 Qxc7 26. Bxf7 Kxf7 27. Rhf1 Nf6
28. Rxf5 Rg8 29. Rxf6+ exf6 30. Qf5 Kf8 31. Qxf6+ Rf7 32. Qe6 Qe7 0-1

[Event "XLI MIEDZYNARODOWY MEMORIAL LUDWIKA ZAMENHOFA 2022 - open A"]
[Site "Bialystok"]
[Date "1899-12-30"]
[Round "3.9"]
[White "Kubicka, Anna"]
[Black "Malek, Jan"]
[Result "0-1"]
[WhiteTitle "WIM"]
[BlackTitle "m"]
[WhiteElo "2217"]
[BlackElo "2376"]

1. e4 e5 2. Nf3 Nc6 3. Bb5 a6 4. Ba4 Nf6 5. O-O b5 6. Bb3 Bc5 7. c3 d6 8. d4 Bb6
9. a4 Rb8 10. a5 Ba7 11. h3 Bb7 12. Bg5 h6 13. d5 hxg5 14. dxc6 Bxc6 15. Nxg5
Nxe4 16. Bxf7+ Ke7 17. Nxe4 Kxf7 18. Qf3+ Ke8 19. Nbd2 Qd7 20. Rad1 Rh4 21. Kh2
Rf4 22. Qg3 Qf7 23. f3 Kd7 24. Nf2 Rh8 25. Nde4 Kc8 26. Rfe1 Kb8 27. Nd3 Rf5 28.
Nb4 Bb7 29. Rxd6 Bxe4 30. fxe4 Rf1 31. Nc6+ Ka8 32. Rxf1 Qxf1 33. Nxa7 cxd6 34.
Qxg7 Qf4+ 35. Kh1 Qh6 36. Qc7 Qc1+ 37. Kh2 Qf4+ 38. Kh1 Qxe4 39. Kh2 Qb7 40. Nxb5
Qxb5 41. Qxd6 e4 42. Kg1 e3 43. c4 Qxc4 44. Qe5 Rf8 45. Qxe3 Rf1+ 46. Kh2 Qc7+
0-1

[Event "XLI MIEDZYNARODOWY MEMORIAL LUDWIKA ZAMENHOFA 2022 - open A"]
[Site "Bialystok"]
[Date "1899-12-30"]
[Round "3.10"]
[White "Mihov, Filip"]
[Black "Azarov, Sergei"]
[Result "0-1"]
[WhiteTitle "k"]
[BlackTitle "GM"]
[WhiteElo "2247"]
[BlackElo "2562"]

1. d4 Nf6 2. c4 e6 3. g3 d5 4. Nf3 Bb4+ 5. Bd2 Be7 6. Bg2 O-O 7. O-O Nbd7 8. Qc2
a5 9. Rd1 c6 10. Bg5 b6 11. Nbd2 Ba6 12. Rac1 Rc8 13. Qb1 h6 14. Bxf6 Nxf6 15.
e4 dxc4 16. Nxc4 b5 17. Ncd2 Qb6 18. Nb3 Rfd8 19. Qc2 Nd7 20. Bf1 c5 21. dxc5
Nxc5 22. Rxd8+ Qxd8 23. Nxc5 Bxc5 24. Qd1 Qb6 25. Rc2 Bb7 26. Qe2 Rd8 27. Qxb5
Qxb5 28. Bxb5 Bxe4 29. Rxc5 Bxf3 30. Ba4 g5 31. h3 Rd2 32. Rc3 Be4 33. f3 Bb7
34. Be8 Rxb2 35. Rc7 Bd5 36. Bxf7+ Kf8 37. a3 Rb3 38. Bh5 Rxa3 39. Kf2 a4 40.
Ra7 e5 41. Ra5 Bc4 42. Rc5 Ra2+ 43. Kg1 Bb3 44. Rxe5 a3 45. Rb5 Rb2 46. Rb8+ Ke7
47. Rb7+ Kd6 0-1

[Event "XLI MIEDZYNARODOWY MEMORIAL LUDWIKA ZAMENHOFA 2022 - open A"]
[Site "Bialystok"]
[Date "1899-12-30"]
[Round "3.11"]
[White "Nasuta, Grzegorz"]
[Black "Vardanyan, Aras"]
[Result "0-1"]
[WhiteTitle "GM"]
[BlackTitle "CM"]
[WhiteElo "2546"]
[BlackElo "2271"]

1. e4 c5 2. Nf3 d6 3. d4 cxd4 4. Nxd4 Nf6 5. Nc3 a6 6. Be2 e5 7. Nb3 Be7 8. O-O
O-O 9. Qd3 Be6 10. Bd2 Nbd7 11. Nd5 Bxd5 12. exd5 Rc8 13. c4 e4 14. Qe3 Ne5 15.
Rac1 Qd7 16. Rfd1 Rfe8 17. Be1 Qf5 18. Nd4 Qg6 19. Qg3 Nfd7 20. Qxg6 hxg6 21.
Bd2 Nc5 22. b3 Bf6 23. Be3 Kf8 24. Rc2 Ned3 25. Rcd2 Rb8 26. Rb1 Ne5 27. Rc2 Rec8
28. Kf1 Ncd3 29. Rd2 Nc5 30. Rc2 Ke8 31. Rd2 Rc7 32. Kg1 Kd7 33. f4 exf3 34. gxf3
g5 35. Rc1 Re8 36. b4 Na4 37. Bf2 Ng6 38. Bd1 b5 39. Bxa4 bxa4 40. Nc6 g4 41.
fxg4 Bg5 42. Rcc2 Bxd2 43. Rxd2 Re4 44. Rd4 Re2 45. Nb8+ Kc8 46. Nxa6 Rce7 47.
c5 Rxa2 48. Bg3 Ree2 49. Rd1 a3 50. cxd6 Rad2 51. Rc1+ Rc2 52. Ra1 a2 53. Nc5
Rb2 54. Kf1 Rec2 55. Re1 Rb1 0-1

[Event "XLI MIEDZYNARODOWY MEMORIAL LUDWIKA ZAMENHOFA 2022 - open A"]
[Site "Bialystok"]
[Date "1899-12-30"]
[Round "3.12"]
[White "Janik, Igor"]
[Black "Waszczuk, Patrycja"]
[Result "1-0"]
[WhiteTitle "GM"]
[BlackTitle "WFM"]
[WhiteElo "2536"]
[BlackElo "2251"]

1. e4 c5 2. Nf3 d6 3. c3 Nf6 4. Bd3 g6 5. Bc2 Bg7 6. d4 cxd4 7. cxd4 O-O 8. Nc3
Nc6 9. h3 a6 10. O-O b5 11. Qe2 Nd7 12. Rd1 Nb6 13. b3 Bb7 14. Be3 Rc8 15. Qd2
Re8 16. Rac1 d5 17. e5 b4 18. Ne2 Nd7 19. Bh6 Nf8 20. Bxg7 Kxg7 21. Nf4 e6 22.
h4 Rc7 23. Bb1 Qe7 24. h5 Rec8 25. Nd3 a5 26. g3 Ba6 27. Kg2 Bxd3 28. Bxd3 Nb8
29. Rxc7 Rxc7 30. Rh1 Rc3 31. Nh2 Nbd7 32. Bb5 h6 33. hxg6 fxg6 34. Nf3 g5 35.
Rc1 Rxc1 36. Qxc1 Qd8 37. Bxd7 Nxd7 38. Qc6 Kf7 39. Nh2 h5 40. Qc1 Kg6 41. Nf3
Nf8 42. Qc5 Kf7 43. Qc6 Kg6 44. Qc1 Nh7 45. Qc2+ Kg7 46. Qc6 Kf7 47. Ne1 Nf8 48.
Nd3 h4 49. Qc2 hxg3 50. fxg3 Kg7 51. Qc5 Kf7 52. Nf2 Kg6 53. Ng4 Nh7 54. Ne3 Nf8
55. Qc2+ Kg7 56. Ng4 Nh7 57. Qc6 Qe7 58. Qb6 Qf7 59. Qxa5 Qf5 60. Nf2 g4 61. Qxb4
Qf3+ 62. Kf1 Qxg3 63. Qe7+ Kh6 64. Qxe6+ Kh5 65. Qf7+ Kh6 66. Qf5 Qc3 67. Qe6+
Kg7 68. Qxg4+ Kh8 69. e6 Qa1+ 70. Kg2 Qxa2 71. e7 Qa8 72. Qg6 1-0

[Event "XLI MIEDZYNARODOWY MEMORIAL LUDWIKA ZAMENHOFA 2022 - open A"]
[Site "Bialystok"]
[Date "1899-12-30"]
[Round "3.13"]
[White "Indriunas, Matas"]
[Black "Dvirnyy, Danyyil"]
[Result "1/2-1/2"]
[WhiteTitle "FM"]
[BlackTitle "GM"]
[WhiteElo "2253"]
[BlackElo "2530"]

1. e4 e6 2. d4 d5 3. Nd2 c5 4. exd5 Qxd5 5. Ngf3 cxd4 6. Bc4 Qd7 7. O-O Nc6 8.
Nb3 Nf6 9. Nbxd4 Nxd4 10. Nxd4 a6 11. Re1 Bc5 12. c3 O-O 13. Bg5 Bxd4 14. cxd4
Nd5 15. Qf3 b6 16. Bxd5 Qxd5 17. Qxd5 exd5 18. Rac1 Be6 19. Rc6 Rab8 20. Rec1
Rfc8 21. Bf4 Rxc6 22. Rxc6 Rb7 23. Rc7 Rxc7 24. Bxc7 b5 25. f3 1/2-1/2

[Event "XLI MIEDZYNARODOWY MEMORIAL LUDWIKA ZAMENHOFA 2022 - open A"]
[Site "Bialystok"]
[Date "1899-12-30"]
[Round "3.14"]
[White "Olszewski, Michal"]
[Black "Chyzy, Jakub"]
[Result "1-0"]
[WhiteTitle "GM"]
[BlackTitle "FM"]
[WhiteElo "2521"]
[BlackElo "2247"]

1. e4 e5 2. Nf3 Nc6 3. Bb5 a6 4. Ba4 Nf6 5. Qe2 b5 6. Bb3 Bc5 7. c3 O-O 8. d3 d5
9. Bg5 dxe4 10. dxe4 Qe7 11. Nbd2 Nd8 12. Bh4 Ne6 13. Bg3 Nf4 14. Bxf4 exf4 15.
e5 Ng4 16. O-O Re8 17. Qe4 Be6 18. Bc2 f5 19. exf6 Nxf6 20. Qxf4 Bd5 21. Rae1
Qf7 22. Ng5 Qh5 23. Nde4 Bxe4 24. Nxe4 Nxe4 25. Bxe4 Bd6 26. Bf3 Bxf4 27. Bxh5
g6 28. Bf3 Bd2 29. Bd5+ Kf8 30. Rd1 Rad8 31. Rxd2 c6 32. Rfd1 Rxd5 33. Rxd5 cxd5
34. Kf1 Re5 35. Re1 Rh5 36. h3 Kf7 37. Ke2 Rf5 38. f3 Ke6 39. Kd3+ Kd6 40. Re8
Rf6 41. Kd4 Rf4+ 42. Ke3 Rf6 43. Ra8 Kc5 44. Rc8+ Kd6 45. Re8 g5 46. Rh8 h6 47.
Rh7 Ke5 48. Ra7 Rb6 49. Re7+ Kd6 50. Rh7 Ke5 51. g3 b4 52. cxb4 Rxb4 53. b3 a5
54. Re7+ Kd6 55. Ra7 Rb5 56. Kd4 Rb4+ 57. Kc3 Rb5 58. Ra6+ Ke5 59. Rxh6 Rc5+ 60.
Kd2 Kd4 61. f4 Rc3 62. fxg5 Rd3+ 63. Ke2 Rxg3 64. h4 Kc3 65. Rc6+ Kb2 66. g6 Kxa2
67. h5 Kxb3 68. h6 1-0

[Event "XLI MIEDZYNARODOWY MEMORIAL LUDWIKA ZAMENHOFA 2022 - open A"]
[Site "Bialystok"]
[Date "1899-12-30"]
[Round "3.15"]
[White "Licznerski, Lukasz"]
[Black "Janeczko, Jakub"]
[Result "1-0"]
[WhiteTitle "IM"]
[BlackTitle "I++"]
[WhiteElo "2441"]
[BlackElo "2247"]

1. e4 c5 2. Nf3 d6 3. d4 cxd4 4. Qxd4 Nc6 5. Bb5 Bd7 6. Bxc6 Bxc6 7. Nc3 Nf6 8.
Bg5 e6 9. O-O-O Be7 10. Qd3 Qa5 11. h4 h6 12. Bxf6 Bxf6 13. Nd4 Qb6 14. Ndb5 O-O
15. Nd4 Rfd8 16. Qe3 Qc5 17. g4 Rac8 18. Rd3 b5 19. g5 hxg5 20. hxg5 Bxg5 21.
f4 Bh6 22. Qg3 b4 23. Rxh6 bxc3 24. Qh4 gxh6 25. Rg3+ Kh7 26. Nxe6 cxb2+ 27. Kb1
Qxc2+ 28. Kxc2 Bd5+ 29. Kxb2 Bxe6 30. f5 Rb8+ 31. Ka3 Rdc8 32. Rh3 1-0

[Event "XLI MIEDZYNARODOWY MEMORIAL LUDWIKA ZAMENHOFA 2022 - open A"]
[Site "Bialystok"]
[Date "1899-12-30"]
[Round "3.16"]
[White "Luberanski, Jakub"]
[Black "Fus, Jakub"]
[Result "1/2-1/2"]
[WhiteTitle "FM"]
[BlackTitle "FM"]
[WhiteElo "2243"]
[BlackElo "2405"]

1. d4 Nf6 2. c4 e6 3. Nc3 d5 4. cxd5 exd5 5. Bg5 c6 6. e3 Bd6 7. Bd3 O-O 8. Qc2
h6 9. Bh4 Re8 10. Nf3 Be6 11. O-O-O Nbd7 12. h3 b5 13. Kb1 Rc8 14. g4 Be7 15.
Bg3 b4 16. Na4 Ne4 17. Ba6 Nxg3 18. Bxc8 Nxh1 19. Bxd7 Nxf2 20. Bxe8 Nxd1 21.
Bxf7+ Bxf7 22. Qxd1 Bg6+ 23. Ka1 Bd6 24. Nc5 Qe7 25. Qc1 Kh8 26. a3 bxa3 27. bxa3
Qf6 28. Nd2 Qe7 29. Ndb3 Bc7 30. Na6 Bg3 31. Nb4 Bf2 32. Nxc6 Qb7 33. Nb4 Qb5
34. Qd2 Qf1+ 35. Nc1 Be1 36. Qb2 Bxb4 37. axb4 Qxh3 38. Qe2 Be4 39. Nb3 Bf3 40.
Qa6 Bxg4 41. Qxa7 Qxe3 42. Kb2 Kh7 43. Qc5 h5 44. b5 h4 45. b6 Qe2+ 46. Ka3 Qa6+
47. Kb2 h3 48. Qc2+ Kh8 49. Qc7 Qe2+ 50. Ka3 h2 51. b7 Qa6+ 52. Kb4 Qxb7+ 53.
Qxb7 h1=Q 54. Kc5 Be6 55. Qe7 Bg8 56. Qe5 Qh3 57. Kb4 Qe6 58. Qxe6 Bxe6 59. Kc5
Bg8 60. Kd6 Kh7 61. Ke5 Kh6 62. Kf4 Kh5 63. Nd2 g5+ 64. Kg3 Kg6 65. Nf1 Kf5 66.
Kf3 Be6 67. Ne3+ Kf6 68. Kg3 Kg6 69. Kf3 Bg8 70. Kg4 Bf7 71. Kg3 Be6 72. Kf3 Kh6
73. Kg3 Kh5 74. Nf1 Bf5 75. Ne3 Be4 76. Ng4 Kg6 77. Ne3 Kg7 78. Kg4 Kf6 79. Kg3
Kg6 80. Kg4 Kh6 81. Kh3 Kh5 82. Kg3 Bh1 83. Ng4 Bg2 84. Ne3 Be4 85. Ng4 Kg6 86.
Ne3 Kh7 87. Kg4 Kh6 88. Kg3 Kg7 89. Kg4 Kg6 90. Kg3 Kh5 91. Ng4 Bg2 92. Ne3 Bh1
93. Ng4 Kg6 94. Ne3 Be4 95. Kg4 Kf6 1/2-1/2

[Event "XLI MIEDZYNARODOWY MEMORIAL LUDWIKA ZAMENHOFA 2022 - open A"]
[Site "Bialystok"]
[Date "1899-12-30"]
[Round "3.17"]
[White "Cukrowski, Filip"]
[Black "Backiel, Hubert"]
[Result "1-0"]
[WhiteTitle "FM"]
[BlackTitle "k"]
[WhiteElo "2402"]
[BlackElo "2208"]

1. d4 Nf6 2. c4 e6 3. Nf3 d5 4. Qc2 Be7 5. g3 dxc4 6. Qxc4 a6 7. Bg2 b5 8. Qc2
Bb7 9. O-O Nbd7 10. Nc3 O-O 11. Bg5 h6 12. Bf4 c5 13. Rad1 cxd4 14. Rxd4 Bc5 15.
Rd2 Qb6 16. g4 e5 17. Nxe5 Nxe5 18. Bxe5 Nxg4 19. Bg3 Bxg2 20. Kxg2 Nf6 21. Qf5
Bd4 22. Rfd1 Bxc3 23. bxc3 Qc6+ 24. Qf3 Rac8 25. Rd6 Qxc3 26. Rxa6 Rfe8 27. Qxc3
Rxc3 28. Rd2 Ne4 29. Rb2 Rc5 30. Bf4 Nc3 31. Be3 Rce5 32. Bd4 Rg5+ 33. Kf1 Ne4
34. e3 Rc8 35. Rb6 Rc1+ 36. Ke2 Rf5 37. f3 Ng5 38. e4 Nxf3 39. exf5 Nxd4+ 40.
Kd3 Nxf5 41. R6xb5 g6 42. Rb1 Rc6 43. Rb6 Rc5 44. a4 Rd5+ 45. Kc3 Nd6 46. Ra1
Ne4+ 47. Kc4 Ra5 48. Kb4 Ra8 49. a5 Nf2 50. a6 Ng4 51. a7 Kg7 52. Rb8 Rxa7 53.
Rxa7 Nxh2 54. Rbb7 h5 55. Rxf7+ Kh6 56. Rh7+ Kg5 57. Ra5+ Kf6 58. Ra6+ Kf5 59.
Rf7+ 1-0

[Event "XLI MIEDZYNARODOWY MEMORIAL LUDWIKA ZAMENHOFA 2022 - open A"]
[Site "Bialystok"]
[Date "1899-12-30"]
[Round "3.18"]
[White "Lach, Aleksandra"]
[Black "Godzwon, Iwo"]
[Result "0-1"]
[WhiteTitle "WIM"]
[BlackTitle "FM"]
[WhiteElo "2191"]
[BlackElo "2391"]

1. e4 c5 2. Nf3 Nc6 3. Bb5 g6 4. O-O Bg7 5. c3 Nf6 6. Re1 O-O 7. d4 cxd4 8. cxd4
d5 9. e5 Ne4 10. Bxc6 bxc6 11. Nbd2 c5 12. Nxe4 dxe4 13. Rxe4 Bb7 14. Rh4 e6 15.
Rg4 h5 16. Rf4 g5 17. Nxg5 Qxg5 18. f3 Qg6 19. Rh4 Rad8 20. Qb3 Bd5 21. Qe3 cxd4
22. Qf2 Bxe5 23. g4 f6 24. Rxh5 Rf7 25. Bd2 Rh7 26. Rxh7 Qxh7 27. h4 Qd3 0-1

[Event "XLI MIEDZYNARODOWY MEMORIAL LUDWIKA ZAMENHOFA 2022 - open A"]
[Site "Bialystok"]
[Date "1899-12-30"]
[Round "3.20"]
[White "Risteski, Emil"]
[Black "Jarzebowski, Kacper"]
[Result "1-0"]
[WhiteTitle "FM"]
[BlackTitle "k+"]
[WhiteElo "2373"]
[BlackElo "2086"]

1. e4 e5 2. Nf3 Nc6 3. Bc4 Nf6 4. d3 Be7 5. O-O O-O 6. Re1 d6 7. a4 Na5 8. Ba2
c5 9. c3 Nc6 10. h3 Be6 11. Bxe6 fxe6 12. Na3 Qc7 13. Bd2 h6 14. b4 Rad8 15. Nc4
Nd7 16. b5 Na5 17. Nxa5 Qxa5 18. d4 Rf6 19. c4 Qc7 20. dxe5 Nxe5 21. Nxe5 dxe5
22. Qe2 Rdf8 23. Rf1 Bd6 24. Ra3 Qf7 25. Rd3 Bc7 26. Be3 b6 27. a5 Qg6 28. Qg4
Qxg4 29. hxg4 R6f7 30. g5 hxg5 31. Bxg5 bxa5 32. Be3 Rd8 33. Rfd1 Rxd3 34. Rxd3
Bb6 35. Kf1 Rc7 36. Ke2 Kf7 37. Kd2 Ke8 38. Kc2 Rd7 39. Rxd7 Kxd7 40. Kb3 Ke7
41. Ka4 Kf6 42. Bd2 Kg6 43. Bxa5 Kg5 44. Bd2+ Kg4 45. Kb3 Kh4 46. Be3 g5 47. Kc2
g4 48. Kd1 Kh5 49. Ke2 Kh4 50. Bh6 Kh5 51. Bg7 Bc7 52. Bf8 Bb6 53. Bd6 Kg5 54.
Bxe5 Kg6 55. Kf1 Kg5 56. Kg1 Kh4 57. Bf4 Ba5 58. Kh2 Bd8 59. Be5 Ba5 60. Bb8 Bb6
61. Bd6 Kh5 62. Kg3 Kg5 63. Be7+ Kh5 64. Kf4 Bc7+ 65. e5 Bb6 66. g3 1-0

[Event "XLI MIEDZYNARODOWY MEMORIAL LUDWIKA ZAMENHOFA 2022 - open A"]
[Site "Bialystok"]
[Date "1899-12-30"]
[Round "3.21"]
[White "Szewczyk, Mariusz"]
[Black "Stremavicius, Pijus"]
[Result "1-0"]
[WhiteTitle "k"]
[BlackTitle "FM"]
[WhiteElo "2094"]
[BlackElo "2369"]

1. e4 c5 2. Nf3 e6 3. c3 d5 4. exd5 exd5 5. d4 Nc6 6. Bb5 Bd6 7. Be3 c4 8. b3 cxb3
9. axb3 Nf6 10. O-O O-O 11. Bg5 h6 12. Bh4 Bg4 13. Nbd2 g5 14. Bg3 Ne4 15. Bxd6
Qxd6 16. Qc2 Bf5 17. Qb2 Ne7 18. Nxe4 Bxe4 19. Ne5 Bf5 20. Bd3 Be6 21. Rfe1 Kg7
22. Qe2 Rfe8 23. Qh5 Ng8 24. Qf3 a6 25. Bf5 Nf6 26. Re3 Bxf5 27. Qxf5 Qe6 28.
Qd3 Rac8 29. Rae1 Qb6 30. h4 gxh4 31. Qf5 Rc7 32. Qf4 Ne4 33. Qxh4 Qf6 34. Qxf6+
Nxf6 35. Rg3+ Kf8 36. Rf3 Re6 37. Nd7+ Rxd7 38. Rxe6 Ne4 39. Rxh6 Nd2 40. Rf5
Nxb3 41. Rhh5 Rc7 42. Rxd5 Rxc3 43. Rd7 b5 44. Rf5 Ke8 45. Rfxf7 Nxd4 46. Rh7
Rd3 47. Ra7 Ne6 1-0

[Event "XLI MIEDZYNARODOWY MEMORIAL LUDWIKA ZAMENHOFA 2022 - open A"]
[Site "Bialystok"]
[Date "1899-12-30"]
[Round "3.22"]
[White "Jarocka, Liwia"]
[Black "Karolczuk, Iwo"]
[Result "1-0"]
[WhiteTitle "FM"]
[BlackTitle "FM"]
[WhiteElo "2143"]
[BlackElo "2327"]

1. e4 e5 2. Nf3 Nc6 3. Bb5 a6 4. Ba4 Nf6 5. O-O Be7 6. Re1 b5 7. Bb3 d6 8. c3 O-O
9. h3 Nb8 10. d4 Nbd7 11. c4 c6 12. Nc3 b4 13. Na4 c5 14. d5 Re8 15. Bc2 Nf8 16.
b3 Ng6 17. Nb2 h6 18. Nd3 Nh7 19. a3 bxa3 20. b4 cxb4 21. Nxb4 Qc7 22. Nc6 Bf8
23. Bxa3 Nf6 24. Ba4 Bd7 25. Re3 Nf4 26. Rb1 Qc8 27. Nd2 g5 28. Reb3 h5 29. Bb4
a5 30. Ba3 Kh7 31. c5 dxc5 32. Nc4 Nxe4 33. Nb6 Qc7 34. Nxa8 Rxa8 35. Rb7 Qd6
36. Bc2 f5 37. Bxe4 fxe4 38. Nxe5 Qxe5 39. Rxd7+ Kg8 40. Bc1 a4 41. d6 c4 42.
Bxf4 gxf4 43. Qe2 Qd5 44. Rd1 f3 45. Qc2 Qe6 46. Rc7 a3 47. d7 a2 48. Ra1 Qg6
49. Qxc4+ Kh8 50. g3 Qg7 51. Qc3 e3 52. fxe3 1-0

[Event "XLI MIEDZYNARODOWY MEMORIAL LUDWIKA ZAMENHOFA 2022 - open A"]
[Site "Bialystok"]
[Date "1899-12-30"]
[Round "3.23"]
[White "Chylewski, Patryk"]
[Black "Daniel, Damian"]
[Result "1/2-1/2"]
[WhiteTitle "IM"]
[BlackTitle "CM"]
[WhiteElo "2291"]
[BlackElo "2169"]

1. Nf3 Nf6 2. c4 e6 3. g3 d5 4. Bg2 Be7 5. O-O O-O 6. d4 b6 7. cxd5 exd5 8. Nc3
Bb7 9. Bf4 Na6 10. Ne5 c5 11. Rc1 Nc7 12. dxc5 bxc5 13. Qa4 Ne6 14. Nc6 Bxc6 15.
Qxc6 Nxf4 16. gxf4 Rc8 17. Qb7 d4 18. Na4 Qd6 19. Qf3 c4 20. Rfd1 Rfd8 21. b3
Qa3 22. Qb7 Bf8 23. Ra1 d3 24. exd3 cxd3 25. Bf1 d2 26. Rxd2 Rxd2 27. Qxc8 Qd6
28. Qc4 Rd4 29. Qc3 Rxf4 30. f3 Rh4 31. Qb2 Rd4 32. Re1 Nd7 33. Qf2 Qf6 34. Qe3
g6 35. Kh1 Kg7 36. Bh3 1/2-1/2

[Event "XLI MIEDZYNARODOWY MEMORIAL LUDWIKA ZAMENHOFA 2022 - open A"]
[Site "Bialystok"]
[Date "1899-12-30"]
[Round "3.24"]
[White "Paszewski, Mateusz"]
[Black "Paprocki, Jaroslaw"]
[Result "1/2-1/2"]
[WhiteTitle "FM"]
[BlackTitle "k++"]
[WhiteElo "2282"]
[BlackElo "2158"]

1. c4 Nf6 2. Nc3 c6 3. d4 d5 4. cxd5 cxd5 5. Bf4 Nc6 6. e3 a6 7. Be2 Bf5 8. Nf3
e6 9. Qb3 Bb4 10. O-O Qe7 11. Ne5 Nxe5 12. Bxe5 O-O 13. Rfc1 Nd7 14. Bg3 b6 15.
a3 Bd6 16. Na4 Bxg3 17. hxg3 b5 18. Nc5 Nf6 19. Rc3 Rfb8 20. Qd1 Ne8 21. Bd3 Bxd3
22. Qxd3 Nd6 23. b3 a5 1/2-1/2

[Event "XLI MIEDZYNARODOWY MEMORIAL LUDWIKA ZAMENHOFA 2022 - open A"]
[Site "Bialystok"]
[Date "1899-12-30"]
[Round "3.25"]
[White "Mis, Mieszko"]
[Black "Sowinski, Pawel"]
[Result "1-0"]
[WhiteTitle "FM"]
[BlackTitle "k"]
[WhiteElo "2389"]
[BlackElo "2064"]

1. Nf3 Nf6 2. c4 e6 3. g3 d5 4. d4 Be7 5. Bg2 O-O 6. O-O c6 7. Qc2 Nbd7 8. Nbd2
b6 9. e4 dxe4 10. Nxe4 Bb7 11. Rd1 Qc8 12. Nxf6+ Nxf6 13. c5 Nd5 14. Bg5 f6 15.
Bd2 Qc7 16. Bh3 Bc8 17. Re1 e5 18. Bxc8 Raxc8 19. cxb6 Qxb6 20. dxe5 fxe5 21.
Be3 Qb8 22. Nd2 Bb4 23. Re2 Bxd2 24. Bxd2 Qd6 25. Rae1 Rf3 26. Qc4 Rcf8 27. Bc3
Kh8 28. Bxe5 Qg6 29. Qc5 h5 30. Qxa7 h4 31. Qd7 R3f5 32. Qd6 Qg5 33. Qxc6 Ne7
34. Bxg7+ Qxg7 35. Rxe7 1-0

[Event "XLI MIEDZYNARODOWY MEMORIAL LUDWIKA ZAMENHOFA 2022 - open A"]
[Site "Bialystok"]
[Date "1899-12-30"]
[Round "3.26"]
[White "Lehaci, Miruna-daria"]
[Black "Rudzinska, Michalina"]
[Result "1/2-1/2"]
[WhiteTitle "WIM"]
[BlackTitle "WFM"]
[WhiteElo "2155"]
[BlackElo "2256"]

1. d4 Nf6 2. Nc3 d5 3. Bf4 a6 4. e3 e6 5. h4 Bd6 6. Qf3 c5 7. h5 Bxf4 8. Qxf4 cxd4
9. exd4 Nc6 10. Nf3 Bd7 11. Ne5 h6 12. g4 Nxe5 13. dxe5 Nh7 14. Qd4 Rc8 15. f4
Qa5 16. a3 Qc5 17. Qd2 O-O 18. Bd3 f6 19. exf6 Nxf6 20. O-O-O Nxg4 21. Rhg1 Nf2
22. Rde1 Nxd3+ 23. Qxd3 Rf5 24. Kb1 Rcf8 25. Rg6 R8f6 26. Ne4 dxe4 27. Qxd7 Rxg6
28. hxg6 Qd5 29. Qc7 Rf6 30. Qb8+ Rf8 31. Qc7 Rf6 32. Qb8+ Rf8 33. Qc7 b5 34.
b3 Qf5 35. Qc6 Qxg6 36. Rxe4 Rf6 37. Kb2 Kh7 38. Re5 Rxf4 39. Qxa6 Qg1 40. Qxb5
Qd4+ 41. Ka2 Rf2 42. Rc5 e5 43. Qc4 Qe3 44. a4 e4 45. Re5 Re2 46. Re8 Qf2 47.
Qg8+ Kg6 48. Qe6+ Kh7 49. Qg8+ Kg6 50. Qe6+ Kh7 51. Qg8+ Kg6 1/2-1/2

[Event "XLI MIEDZYNARODOWY MEMORIAL LUDWIKA ZAMENHOFA 2022 - open A"]
[Site "Bialystok"]
[Date "1899-12-30"]
[Round "3.27"]
[White "Lukasiewicz, Krzysztof"]
[Black "Dzhuguryan, Tygran"]
[Result "1/2-1/2"]
[WhiteTitle "FM"]
[BlackTitle "k+"]
[WhiteElo "2250"]
[BlackElo "2134"]

1. e4 c6 2. d4 d5 3. e5 Bf5 4. Nf3 e6 5. Be2 Nd7 6. O-O Ne7 7. a4 c5 8. c4 cxd4
9. Na3 dxc4 10. Nxc4 Nc6 11. Bg5 Be7 12. Nd6+ Kf8 13. Bxe7+ Qxe7 14. Nxd4 Ndxe5
15. N4xf5 exf5 16. Nxf5 Qf6 17. Ng3 Nd4 18. Rc1 Rd8 19. Kh1 g6 20. f4 Nec6 21.
Bc4 Nf5 22. Qe1 Kg7 23. Ne4 Qd4 24. Bxf7 Rhe8 25. Bxe8 Rxe8 26. Rd1 Rxe4 27. Rxd4
Rxe1 28. Rd7+ Re7 29. Rfd1 Kf6 30. g4 Ng7 31. Kg2 Re2+ 32. Kf3 Re7 33. Rxe7 Kxe7
34. Re1+ Kf6 35. Rd1 Ke7 36. Re1+ 1/2-1/2

[Event "XLI MIEDZYNARODOWY MEMORIAL LUDWIKA ZAMENHOFA 2022 - open A"]
[Site "Bialystok"]
[Date "1899-12-30"]
[Round "3.28"]
[White "Smolka, Marcin"]
[Black "Kaczmarek, Arkadiusz"]
[Result "1/2-1/2"]
[WhiteTitle "CM"]
[BlackTitle "I++"]
[WhiteElo "2217"]
[BlackElo "2141"]

1. e4 c5 2. Nf3 e6 3. d4 cxd4 4. Nxd4 Nc6 5. Nb5 d6 6. c4 Nf6 7. N1c3 a6 8. Na3
Qa5 9. Bd2 Be7 10. Be2 O-O 11. O-O Qe5 12. Bd3 Nb4 13. Bb1 d5 14. exd5 exd5 15.
Re1 Qc7 16. cxd5 Nbxd5 17. Nxd5 Nxd5 18. Bxh7+ Kxh7 19. Qh5+ Kg8 20. Qxd5 Bxa3
21. bxa3 Be6 22. Qg5 Qc2 23. h3 Rfd8 24. Bf4 Qf5 25. Qg3 Rd3 26. f3 Rd5 27. Rac1
Rad8 28. Kh2 g5 29. Bc7 R8d7 30. Re4 f6 31. Rce1 Bf7 32. h4 Qh7 33. Bb6 Kf8 34.
Kg1 f5 35. Re5 Qxh4 36. Qxh4 gxh4 37. Rxd5 Rxd5 1/2-1/2